[Event "12th HIT Open A"]
[Site "Nova Gorica SLO"]
[Date "2007.01.27"]
[Round "2"]
[White "Mestrovic,Z"]
[Black "Kokol,P"]
[Result "1/2-1/2"]
[WhiteElo "2302"]
[BlackElo "2199"]

1.e4 c5 2.c3 Nf6 3.e5 Nd5 4.d4 cxd4 5.Nf3 e6 6.Bc4 Nc6 7.O-O d6 8.exd6 Qxd6
9.cxd4 Be7 10.Nc3 Nxc3 11.bxc3 O-O 12.Qe2 b6 13.Rd1 Na5 14.Bd3 Bb7 15.Ne5 Bf6
16.Bf4 Bxe5 17.Bxe5 Qd5 18.Qg4 f6 19.Bf4 f5 20.Qg3 Rf6 21.Bf1 Rg6 22.Qh3 Rc8
23.Rd3 Ba6 24.Rg3 Bxf1 25.Rxf1 Qxa2 26.Rxg6 hxg6 27.Qg3 Kf7 28.h4 Qe2 29.f3 Nc4
30.h5 gxh5 31.d5 e5 32.Re1 exf4 33.Qh4 Qd2 34.Qe7+ Kg6 35.Re6+ Kh7 36.Qf7 Rf8
37.Qxf8 Ne3 38.Rxe3 fxe3 39.Qxf5+ g6 40.Qf7+ Kh6 41.Qf4+ Kg7 42.Qe5+ Kh7
43.Qc7+ Kg8 44.Qb8+ Kg7 45.Qe5+ Kh7 46.Qc7+ Kh6 47.Qf4+ Kg7 48.Qe5+ Kh6 49.Qf4+  1/2-1/2

[Event "12th HIT Open A"]
[Site "Nova Gorica SLO"]
[Date "2007.01.27"]
[Round "3"]
[White "Mestrovic,Z"]
[Black "Korneev,O"]
[Result "0-1"]
[WhiteElo "2302"]
[BlackElo "2606"]

1.e4 c5 2.c3 Nf6 3.e5 Nd5 4.Nf3 e6 5.d4 cxd4 6.Bc4 Nb6 7.Bb3 d6 8.cxd4 dxe5
9.Nxe5 Nc6 10.Nxc6 bxc6 11.O-O Be7 12.Nc3 O-O 13.Be3 Ba6 14.Re1 Bc4 15.Bxc4 Nxc4
16.Qe2 Nxe3 17.Qxe3 Qb6 18.b3 Rad8 19.Red1 Bf6 20.Ne2 c5 21.dxc5 Bxa1 22.Rxa1 Qb5
23.a4 Qb4 24.Rc1 Rc8 25.Qc3 Qxc3 26.Rxc3 Rfd8 27.f3 Rd5 28.b4 a5 29.b5 Rdxc5  0-1

[Event "Open"]
[Site "Moscow RUS"]
[Date "2007.01.28"]
[Round "2"]
[White "Fomin,A1"]
[Black "Medvedev,N"]
[Result "1-0"]
[WhiteElo "2258"]
[BlackElo "2012"]

1.e4 c5 2.c3 Nf6 3.e5 Nd5 4.d4 cxd4 5.cxd4 d6 6.Nf3 Nc6 7.Bc4 Nb6 8.Bb3 e6
9.Qe2 dxe5 10.dxe5 Bb4+ 11.Nc3 Nd5 12.O-O Nxc3 13.bxc3 Bxc3 14.Bg5 Qc7 15.Rac1 Bxe5
16.Rxc6 Bxh2+ 17.Nxh2 bxc6 18.Ng4 O-O 19.Qe3 f5 20.Ne5 Re8 21.Bf4 Qb6 22.Qg3 a5
23.Nc4 Qd8 24.Bg5 Qd7 25.Rd1 Qa7 26.Nd6 Rd8 27.Nxc8 Rdxc8 28.Qe5 Rcb8 29.Qxf5 Qb6
30.Qxe6+ Kh8  1-0

[Event "ch-SER Qualification"]
[Site "Belgrade SER"]
[Date "2007.01.29"]
[Round "7"]
[White "Lajthajm,B"]
[Black "Krstic,P"]
[Result "1-0"]
[WhiteElo "2515"]
[BlackElo "2280"]

1.e4 c5 2.c3 Nf6 3.e5 Nd5 4.Nf3 e6 5.d4 cxd4 6.cxd4 d6 7.a3 Bd7 8.Bd3 Bc6
9.O-O Nd7 10.Qe2 dxe5 11.dxe5 Be7 12.b4 a6 13.g3 Rc8 14.Bb2 Qc7 15.Rc1 O-O
16.Nbd2 Qb8 17.h4 Rfd8 18.Ng5 Bxg5 19.hxg5 Ne7 20.Nc4 Nf8 21.Nd6 Rc7 22.Bd4 Nc8
23.Bc5 Ng6 24.Nxc8 Rcxc8 25.Bd6 Rxd6 26.exd6 Qxd6 27.Be4 Ne7 28.Bxc6 Nxc6
29.b5 axb5 30.Qxb5 Rc7 31.Qc5 Qd8 32.Rd1 Qc8 33.Qd6 g6 34.Rac1 Kg7 35.Rc4 Qb8
36.Qf4 Kg8 37.Kg2 Qc8 38.Qd6 Kg7 39.a4 Qb8 40.Qf4 Rc8 41.Qf6+ Kg8 42.Rh1  1-0

[Event "ch-Kyiv"]
[Site "Kyiv UKR"]
[Date "2007.01.29"]
[Round "10"]
[White "Kernazhitsky,L"]
[Black "Baryshpolets,A"]
[Result "1/2-1/2"]
[WhiteElo "2345"]
[BlackElo "2264"]

1.e4 c5 2.c3 Nf6 3.e5 Nd5 4.d4 cxd4 5.Nf3 Nc6 6.cxd4 d6 7.Bc4 e6 8.O-O Be7
9.a3 O-O 10.Qe2 b6 11.Qe4 Bb7 12.Bd3 g6 13.Bh6 Re8 14.Nbd2 dxe5 15.dxe5 Na5
16.Qe2 Rc8 17.Ne4 Nb3 18.Rad1 Nc5 19.Bb5 Nxe4 20.Qxe4 Bc6 21.Bxc6 Rxc6 22.Nd4 Rc4
23.Qd3 Rc5 24.Rfe1 Qb8 25.Qh3 Nc7 26.b4 Rd5 27.Nc6 Qb7 28.Nxe7+ Rxe7 29.Rc1 Red7
30.Qf3 Ne8 31.h3 Qb8 32.Rc6 Ng7 33.Bxg7 Kxg7 34.Qf6+ Kg8 35.Rec1 Rd1+ 36.Rxd1 Rxd1+
37.Kh2 Qd8 38.Qf4 Kg7 39.Rc3 Rd4 40.Qc1 h6 41.Rc4  1/2-1/2

[Event "12th HIT Open A"]
[Site "Nova Gorica SLO"]
[Date "2007.01.29"]
[Round "5"]
[White "Sermek,D"]
[Black "Stevic,H"]
[Result "1/2-1/2"]
[WhiteElo "2530"]
[BlackElo "2495"]

1.e4 c5 2.c3 Nf6 3.e5 Nd5 4.Nf3 Nc6 5.Bc4 e6 6.d4 cxd4 7.cxd4 d6 8.O-O Be7
9.Qe2 O-O 10.Qe4 Bd7 11.Re1 Rc8  1/2-1/2

[Event "Gibtelecom Masters"]
[Site "Catalan Bay ENG"]
[Date "2007.01.30"]
[Round "7"]
[White "Kristjansson,St"]
[Black "Sarkar,J"]
[Result "1/2-1/2"]
[WhiteElo "2485"]
[BlackElo "2405"]

1.e4 c5 2.c3 Nf6 3.e5 Nd5 4.Nf3 Nc6 5.Bc4 Nb6 6.Bb3 d5 7.exd6 Qxd6 8.Na3 Be6
9.d4 Bxb3 10.Qxb3 cxd4 11.Nb5 Qd7 12.Nbxd4 Nxd4 13.Nxd4 e5 14.Nf3 Qc6 15.O-O Bd6
16.Re1 O-O 17.Nxe5 Rae8 18.Nf3 Rxe1+ 19.Nxe1 Re8 20.Be3 Nd5 21.Nc2 Nxe3 22.Nxe3 Bxh2+
23.Kxh2 Rxe3 24.fxe3 Qh6+ 25.Kg1 Qxe3+ 26.Kf1 Qf4+ 27.Ke2 Qe4+ 28.Kd2 Qxg2+
29.Ke3 Qg5+ 30.Kd4 Qf6+ 31.Kc5 Qc6+ 32.Kb4 Qd6+ 33.Ka5 Qa6+ 34.Kb4 Qd6+ 35.Ka5 Qa6+
36.Kb4  1/2-1/2

[Event "ch-Kyiv"]
[Site "Kyiv UKR"]
[Date "2007.01.30"]
[Round "11"]
[White "Kovalenko,VN"]
[Black "Moiseev,Ig"]
[Result "1-0"]
[WhiteElo "2180"]
[BlackElo "2236"]

1.e4 c5 2.c3 Nf6 3.e5 Nd5 4.d4 e6 5.Nf3 cxd4 6.cxd4 b6 7.Bc4 Bb7 8.O-O d6
9.Qe2 Nd7 10.Re1 Qc7 11.Bd2 Rc8 12.Bd3 dxe5 13.Nxe5 Nxe5 14.dxe5 Bc5 15.Qg4 O-O
16.Nc3 Nxc3 17.Bxc3 Rfd8 18.Be4 Bd5 19.a3 b5 20.Bxd5 Rxd5 21.Rad1 Rxd1 22.Rxd1 Bxa3
23.Qe2 Qc6 24.Qd2 Be7 25.g3 h5 26.Ba5 h4 27.gxh4 Qf3 28.Rc1 Rxc1+ 29.Qxc1 Bxh4
30.Qc5 Qg4+ 31.Kf1 Qe4 32.Qxb5 Qh1+ 33.Ke2 Qe4+ 34.Kf1 Qh1+ 35.Ke2 Qe4+ 36.Kf1 Kh7
37.Kg1 Bg5 38.Bc3 Bf4 39.Qc5 Qg6+ 40.Kf1 Qd3+ 41.Ke1 a6 42.Qe7 Kg6 43.Qb7 Qd5
44.Qb4 Kf5 45.Qf8 Qe4+ 46.Kf1 Kg6 47.h4 Qh1+ 48.Ke2 Qxh4 49.Qa8 Qh5+ 50.Ke1 Bxe5
51.Qe4+ Kf6 52.Qf4+ Ke7 53.Qxe5 Qh1+ 54.Ke2 f6 55.Qc7+ Kf8 56.Qc8+ Kf7 57.Qd7+ Kg6
58.Qxe6 Qh5+ 59.Kd2 Qg5+ 60.Qe3 Qg2 61.Bd4 Qc6 62.Qc3 Qb7 63.Qg3+ Kh7 64.Qd6 Qb5
65.Qc5 Qb7 66.Qa7 Qd5 67.Qc5 Qb7 68.Kc3 Kg6 69.Qb6 Qa8 70.Kb4 Kf5 71.Ka5 Ke4
72.Be3 Qd5+ 73.Kxa6 Qa2+ 74.Kb7 Kf5 75.Qc5+ Kg6 76.b4 Qf7+ 77.Qc7 Qe8 78.Kb6 Qe6+
79.Qc6 Qe5 80.b5 Qb8+ 81.Ka6 Qe5 82.b6 Qa1+ 83.Kb7 Qe5 84.Bc5 Kh7 85.f3 Kh6
86.Bd6  1-0

[Event "Open"]
[Site "Moscow RUS"]
[Date "2007.01.30"]
[Round "4"]
[White "Deviatkin,A"]
[Black "Najer,E"]
[Result "0-1"]
[WhiteElo "2544"]
[BlackElo "2605"]

1.e4 c5 2.c3 Nf6 3.e5 Nd5 4.d4 cxd4 5.Qxd4 e6 6.Nf3 Nc6 7.Qe4 f5 8.Qe2 b5
9.Qxb5 Qc7 10.Qe2 a5 11.c4 Ba6 12.Qd1 Nb6 13.c5 Nc4 14.Nbd2 N4xe5 15.Bxa6 Rxa6
16.Qe2 Ra7 17.O-O Bxc5 18.b3 Ng4 19.Bb2 O-O 20.Rac1 Qb6 21.h3 Nf6 22.Rc4 Rc7
23.Rh4 Nb4 24.Nc4 Qa6 25.a3 Nbd5 26.Qe5 Rb7 27.Nfd2 Ba7 28.Qg3 Ne7 29.Rh6 Ng6
30.Rxg6 hxg6 31.Qxg6 d5 32.Ne5 Qb5 33.Ndf3 Qe8 34.Rc1 Rxb3 35.Bd4 Bxd4 36.Nxd4 Rxa3
37.Qg5 Qh5 38.h4 Qxg5 39.hxg5 Ng4 40.Nxg4 fxg4 41.Nxe6 Re8 42.g6 g3 43.f4 Rb3
44.Kf1 a4 45.f5 Rb7 46.Rc3 Ra8 47.Nc5 Rc7 48.Nxa4 Rxc3 49.Nxc3 Rf8 50.Ke1 Rxf5
51.Ne2 Rf2 52.Nxg3 Rxg2 53.Nf5 Rg5  0-1

[Event "Open"]
[Site "Moscow RUS"]
[Date "2007.01.31"]
[Round "5"]
[White "Feoktistov,A"]
[Black "Timofeev,Vl"]
[Result "1-0"]
[WhiteElo "2445"]
[BlackElo "2302"]

1.e4 c5 2.c3 Nf6 3.e5 Nd5 4.Bc4 Nb6 5.Bb3 c4 6.Bc2 Nc6 7.Nf3 d6 8.exd6 Qxd6
9.O-O Bg4 10.Qe2 Qe6 11.Qxe6 Bxe6 12.b3 Bd5 13.Ng5 g6 14.Na3 h6 15.Ne4 O-O-O
16.f4 f5 17.Nf2 e5 18.bxc4 Nxc4 19.Nxc4 Bxc4 20.d3 Ba6 21.Re1 Bg7 22.fxe5 Nxe5
23.d4 Nc4 24.g4 fxg4 25.Bxg6 h5 26.Re7 Bf8 27.Re6 Bd6 28.Ne4 Bc7 29.Nc5 Bb5
30.Rb1 Nd6 31.Bg5 Rdg8 32.Rxd6 Bxd6 33.Bf5+ Kb8 34.Rxb5 b6 35.Ne6 Rc8 36.Rd5 Ba3
37.Bf4+ Kb7 38.Be4 Ka6 39.Nc7+ Rxc7 40.Bxc7 Re8 41.Bd3+ Kb7 42.Be5  1-0

[Event "Open"]
[Site "Moscow RUS"]
[Date "2007.01.31"]
[Round "5"]
[White "Yudin,S"]
[Black "Fedorov,Alex"]
[Result "1/2-1/2"]
[WhiteElo "2508"]
[BlackElo "2624"]

1.e4 c5 2.c3 Nf6 3.e5 Nd5 4.Nf3 Nc6 5.d4 cxd4 6.cxd4 d6 7.Bc4 Nb6 8.Bb5 dxe5
9.Nxe5 Bd7 10.Nxd7 Qxd7 11.Nc3 e6 12.O-O Rd8 13.Be3 Be7 14.Qf3 a6 15.Bxc6 Qxc6
16.Qxc6+ bxc6 17.Rac1 Rb8 18.Ne4 Kd7 19.b3 a5 20.Nc5+ Bxc5 21.Rxc5 a4 22.b4 Nd5
23.a3 Rb5 24.Rfc1 Rxc5 25.Rxc5 Nc7 26.Bc1 Nb5 27.Bb2 Rd8 28.Kf1 Kc7 29.Ke2 Rd5
30.Kd3 h5 31.h4 f6 32.f3 Kd6 33.Ke4 g6 34.Rc2 Kd7 35.g4 f5+ 36.Ke3 fxg4 37.fxg4 Nd6
38.Rg2 Nc4+ 39.Ke4 hxg4 40.Bc1 Ke7 41.Rxg4 Kf7 42.Rf4+ Rf5 43.Kf3 Nb6 44.Ke4 Kf6
45.Rg4 Nc4 46.Kd3 Nxa3 47.Bxa3 Rf3+ 48.Kc4 Rxa3 49.Rf4+ Ke7 50.Rg4 Kd6 51.Rxg6 Rh3
52.Rh6 a3 53.Rh8 a2  1/2-1/2

[Event "12th HIT Open A"]
[Site "Nova Gorica SLO"]
[Date "2007.01.31"]
[Round "8"]
[White "Jeric,S"]
[Black "Guid,M"]
[Result "0-1"]
[WhiteElo "2337"]
[BlackElo "2278"]

1.e4 c5 2.c3 Nf6 3.e5 Nd5 4.d4 cxd4 5.Nf3 Nc6 6.cxd4 d6 7.Bc4 Nb6 8.Bb3 dxe5
9.d5 Na5 10.Nc3 f6 11.Be3 Bd7 12.O-O Nbc4 13.Nh4 g6 14.Qd3 Nd6 15.f4 exf4
16.Bxf4 Bg7 17.Bxd6 Qb6+ 18.Kh1 Qxd6 19.Ne4 Qb4 20.d6 Nxb3 21.axb3 Bb5 22.Qd5 Bc6
23.d7+ Bxd7 24.Rfd1 O-O-O 25.Rdc1+ Kb8 26.Rc4 Qb6 27.Qd3 Bb5 28.Qg3+ e5 29.Rc3 Rd4
30.Nf2 Rhd8 31.Nf3 R4d7 32.h4 Bf8 33.Ne4 Bb4 34.Rcc1 Ka8 35.Nxf6 Qxf6 36.Nxe5 Re7
37.Qg4 Qxe5 38.Qxb4 a6 39.Rc5 Qxb2 40.Ra5 Bf1 41.Rg5 Red7 42.Qf4 Bd3 43.Qf3 Qc1+
44.Kh2 Qc7+ 45.g3 Bf5 46.Rxa6+ Kb8 47.Ra1 Qc2+  0-1

[Event "12th HIT Open A"]
[Site "Nova Gorica SLO"]
[Date "2007.02.01"]
[Round "9"]
[White "Godena,M"]
[Black "Jovanic,O"]
[Result "1/2-1/2"]
[WhiteElo "2530"]
[BlackElo "2463"]

1.e4 c5 2.c3 Nf6 3.e5 Nd5 4.Nf3 d6 5.d4 cxd4 6.cxd4 Nc6 7.Bc4 Nb6 8.Bb5 dxe5
9.Nxe5 Bd7 10.Nxd7 Qxd7 11.Nc3 e6 12.O-O Rd8 13.Be3 Be7 14.Qg4 O-O 15.Rad1 f5
16.Qf3 Nd5 17.Nxd5  1/2-1/2

[Event "ch-UKR U20"]
[Site "Lviv UKR"]
[Date "2007.02.02"]
[Round "3"]
[White "Grekh,A"]
[Black "Vovk,Y"]
[Result "1/2-1/2"]
[WhiteElo "2351"]
[BlackElo "2497"]

1.e4 c5 2.c3 Nf6 3.e5 Nd5 4.d4 cxd4 5.Nf3 Nc6 6.Bc4 Nb6 7.Bb3 d5 8.exd6 Qxd6
9.Na3 a6 10.cxd4 Bf5 11.O-O e6 12.Nc4 Nxc4 13.Bxc4 Rd8 14.Qe2 Nxd4 15.Nxd4 Qxd4
16.Be3 Bd3 17.Bxd3 Qxd3 18.Qxd3 Rxd3 19.Rac1 Kd7 20.Rfd1 Rd5 21.Rxd5+ exd5
22.Rd1 Ke6 23.Re1 f6 24.Ba7+ Kd7 25.Rd1 Be7 26.Kf1 Ke6 27.Re1+ Kf7 28.Rc1 Bd6
29.Rd1 Ke6 30.Re1+ Kd7 31.Rd1 Ra8 32.Bd4 Rc8 33.Ke2 Ke6 34.Kd3 Be5 35.Re1 Kf5
36.Be3 b5 37.Re2 Rc4 38.f3 h5 39.g3 g5 40.Rg2 a5 41.h3 h4 42.g4+ Ke6 43.Rc2 a4
44.Bd2 Bf4 45.Ba5 Bd6 46.Bd2 Bc5 47.b3 Rd4+ 48.Ke2 axb3 49.axb3 Bd6 50.Bc3 Rf4
51.Bd2 Rd4 52.Bc3 Rf4 53.Bd2  1/2-1/2

[Event "39th Giorgi Tringov"]
[Site "Plovdiv BUL"]
[Date "2007.02.05"]
[Round "1"]
[White "Galunova,T"]
[Black "Kozhuharov,S"]
[Result "0-1"]
[WhiteElo "1760"]
[BlackElo "2426"]

1.e4 c5 2.c3 Nf6 3.e5 Nd5 4.Nf3 e6 5.Bc4 d6 6.d4 cxd4 7.cxd4 Nb6 8.Bb3 dxe5
9.dxe5 Qxd1+ 10.Bxd1 Na6 11.Nc3 Bd7 12.O-O Rc8 13.Be2 Nb4 14.Nd4 Bc5 15.Nb3 Be7
16.Na5 Nc6 17.Nxb7 Nxe5 18.Ne4 O-O 19.Nbd6 Rc2 20.Bb5 f5 21.f4 fxe4 22.fxe5 Bxd6
23.Bxd7 Bc5+  0-1

[Event "ch-UKR U20"]
[Site "Lviv UKR"]
[Date "2007.02.08"]
[Round "9"]
[White "Grekh,A"]
[Black "Vovk,A"]
[Result "1/2-1/2"]
[WhiteElo "2351"]
[BlackElo "2487"]

1.e4 c5 2.c3 Nf6 3.e5 Nd5 4.d4 cxd4 5.Nf3 Nc6 6.cxd4 d6 7.Bc4 Nb6 8.Bb5 Bd7
9.exd6 e6 10.Nc3 Bxd6 11.O-O O-O 12.Bg5 f6 13.Bh4 Nb4 14.Qb3 a6 15.Bxd7 Qxd7
16.Bg3 Be7 17.Rfe1 N4d5 18.Nd2 Rfc8 19.f4 Bf8 20.Nde4 Rc6 21.Nc5 Qf7 22.N3e4 h6
23.Nd3 Rac8 24.Rad1 Nc4 25.Ndc5 b5 26.a4 f5 27.axb5 axb5 28.Nc3 Bxc5 29.dxc5 Nce3
30.Rd3 Nxc3 31.bxc3 Nd5 32.Bf2 Nxf4 33.Rf3 Ng6 34.Bd4 f4 35.g3 Qf5 36.gxf4 Nxf4
37.Kh1 g5 38.Re5 Qg6 39.Qa2 Kh7 40.Re1 Qf7 41.Qb1+ Qf5 42.Qxb5 Qd5  1/2-1/2

[Event "TCh-BEL 2006-7"]
[Site "Belgium BEL"]
[Date "2007.02.11"]
[Round "8"]
[White "Manca,F"]
[Black "Becker,Mart"]
[Result "1/2-1/2"]
[WhiteElo "2417"]
[BlackElo "2332"]

1.e4 c5 2.c3 Nf6 3.e5 Nd5 4.d4 cxd4 5.Nf3 Nc6 6.Bc4 Nb6 7.Bb3 d6 8.exd6 Qxd6
9.O-O Be6 10.Na3 dxc3 11.Qe2 Bxb3 12.Nb5 Qb8 13.axb3 a6 14.Nbd4 Nxd4 15.Nxd4 e6
16.Nxe6 fxe6 17.Qxe6+ Be7 18.Qxb6 cxb2 19.Bxb2 O-O 20.Qe6+ Rf7 21.Rad1 Bf8
22.Rd5 Qe8 23.Qg4 Qc6 24.Rd2 Re8 25.h3 Re4 26.Qd1 Re6 27.Rc2 Qe8 28.Qc1 Qb5
29.Rc3 b6 30.Ba3 Bxa3 31.Qxa3 Rf8 32.Rg3 Qe2 33.Qa1 Ref6 34.Qd4 h6 35.Qd5+ R8f7
36.Qd4 Kh7 37.Re3 Qc2 38.Rc3 Qf5 39.Re3 Qc2 40.Rc3 Qf5 41.Re3  1/2-1/2

[Event "ch-St Petersburg sf"]
[Site "St Petersburg RUS"]
[Date "2007.02.14"]
[Round "5"]
[White "Smirnov,Arty"]
[Black "Urjubdshzirov,E"]
[Result "0-1"]
[WhiteElo "2107"]
[BlackElo "2163"]

1.e4 c5 2.c3 Nf6 3.e5 Nd5 4.d4 cxd4 5.Nf3 e6 6.cxd4 d6 7.Nc3 Nc6 8.Bd3 Be7
9.O-O dxe5 10.dxe5 Nxc3 11.bxc3 Qa5 12.Qe2 Bd7 13.Rb1 Rb8 14.Rd1 Qc7 15.h4 h6
16.h5 Bc5 17.Bc2 Rd8 18.Bf4 Ne7 19.Bg3 Bc6 20.Rxd8+ Kxd8 21.Nd4 Bxd4 22.cxd4 Kc8
23.f3 Kb8 24.Be1 Nd5 25.Be4 Rc8 26.Bd2 Qe7 27.Qe1 Qa3 28.Bxd5 Bxd5 29.Bb4 Qd3
30.Bc5 g5 31.Rc1 Ka8 32.Rc3 Qb5 33.Bd6 Bc6 34.Kh2 Qd5 35.Qd2 b6 36.a4 Kb7
37.Ra3 f5 38.a5 Bb5 39.axb6 axb6 40.Qb2 Rc4 41.Rb3 Kc6 42.Bc5 bxc5 43.Rxb5 Rxd4
44.Rb6+ Kc7 45.Kg1 Qxe5  0-1

[Event "ch-St Petersburg sf"]
[Site "St Petersburg RUS"]
[Date "2007.02.16"]
[Round "7"]
[White "Karalkin,M"]
[Black "Lintchevski,D"]
[Result "1-0"]
[WhiteElo "2287"]
[BlackElo "2449"]

1.e4 c5 2.c3 Nf6 3.e5 Nd5 4.Nf3 Nc6 5.Bc4 Nb6 6.Bb3 d5 7.exd6 Qxd6 8.O-O Be6
9.Na3 Bxb3 10.axb3 Qd3 11.Re1 e6 12.Re3 Qd7 13.Nc4 Nd5 14.Re1 Be7 15.Nfe5 Nxe5
16.Nxe5 Qc7 17.b4 O-O 18.bxc5 Bxc5 19.d4 Bd6 20.Qg4 Rfe8 21.h4 f6 22.Nd3 Qf7
23.h5 b5 24.Ra6 Nb6 25.h6 g6 26.Bf4 Bf8 27.Qf3 g5 28.Rea1 Nd5 29.Bd6 Bxh6
30.Bc5 Qg6 31.g3 g4 32.Qe2 Qf5 33.Rxa7 Rxa7 34.Rxa7 Rc8 35.Ra1 Rb8 36.Bd6 Rb6
37.Ra8+ Kf7 38.Ra7+ Kg6 39.Bc5 Rb8 40.Ba3 Rb6 41.Rd7 Ra6 42.Nc5 Rb6 43.Ra7 Qf3
44.Qe1 Rc6 45.Rb7 Rxc5 46.Bxc5 Ne3 47.fxe3 Bxe3+ 48.Kh2 Bf2 49.Qb1+ f5 50.Bd6 Qxb7
51.Qd3 Qd5 52.Bf4 Qf3 53.Qxb5 Bxd4 54.Qe8+ Kf6 55.Qd8+ Kg6 56.Qe8+ Kf6 57.Qh8+ Kf7
58.Qxd4 Qe2+ 59.Kg1 Qxb2 60.Qd7+ Kf6 61.Qd8+ Kf7 62.Qc7+ Kg6 63.Qe5 Qb1+
64.Kf2 Qb2+ 65.Ke3 Qb6+ 66.Qd4 Qb1 67.Be5 Qe1+ 68.Kd3 Qd1+ 69.Kc4 Qa4+ 70.Kc5 Qa5+
71.Kc6 Qa8+ 72.Kc7 Qa5+ 73.Kd7 Kf7 74.Qd6 Qb5+ 75.Kd8 Qe8+ 76.Kc7 Kg6 77.Qd7 Qg8
78.Qe7 f4 79.Qf6+ Kh5 80.Qh4+  1-0

[Event "ch-BRA w"]
[Site "Americana-SP BRA"]
[Date "2007.02.17"]
[Round "2"]
[White "Pereira,Am"]
[Black "Chang,S"]
[Result "0-1"]
[WhiteElo "1812"]
[BlackElo "2065"]

1.e4 c5 2.c3 Nf6 3.e5 Nd5 4.d4 cxd4 5.Nf3 e6 6.cxd4 d6 7.Bc4 Nb6 8.Bb3 dxe5
9.Nxe5 Bb4+ 10.Nc3 Nc6 11.Nxc6 bxc6 12.O-O O-O 13.Ne4 a5 14.a3 Be7 15.Nc5 e5
16.Qf3 exd4 17.Qxc6 Bf5 18.Nb7 Qd7 19.Nxa5 Rxa5 20.Qxb6 Rb5 21.Bxf7+ Rxf7
22.Qa6 Rb3 23.Qc4 Be6 24.Qe2 Bd5 25.Rd1 Bc5 26.Bg5 d3 27.Qd2 Rxf2 28.Qa5 Rxg2+  0-1

[Event "OCF Winter NAO FIDE Op"]
[Site "Stillwater USA"]
[Date "2007.02.18"]
[Round "3"]
[White "Galant,S"]
[Black "Baginskaite,C"]
[Result "1/2-1/2"]
[WhiteElo "2223"]
[BlackElo "2317"]

1.e4 c5 2.c3 Nf6 3.e5 Nd5 4.Nf3 Nc6 5.Bc4 Nb6 6.Bb3 d5 7.exd6 Qxd6 8.Na3 a6
9.O-O Bf5 10.d4 cxd4 11.Nxd4 Nxd4 12.cxd4 e6 13.Re1 Be7 14.Qf3 Qc6 15.Qg3 O-O
16.Bf4 Bf6 17.Be5 Bxe5 18.Qxe5 Rac8 19.h4 Rfd8 20.Rac1 Qxc1 21.Rxc1 Rxc1+
22.Kh2 h6 23.g4 Bg6 24.h5 Bh7 25.Bxe6 fxe6 26.Qxe6+ Kh8 27.Qxb6 Rd7 28.b3 Bg8
29.Qb4 b5 30.Qd2 Ra1 31.Qe3 Rxa2 32.Nb1 Rc7 33.Nc3 Rb2 34.Ne4 Rxb3 35.Qf4 Rd7
36.g5 hxg5 37.Qxg5 Rd3 38.Nf6 Rf7 39.Nxg8 Kxg8 40.Qd8+ Kh7 41.Qe8 Rxf2+ 42.Kg1 Rdf3
43.d5  1/2-1/2

[Event "ch-BRA w"]
[Site "Americana-SP BRA"]
[Date "2007.02.19"]
[Round "6"]
[White "Terao,J"]
[Black "Chang,S"]
[Result "0-1"]
[WhiteElo "2073"]
[BlackElo "2065"]

1.e4 c5 2.c3 Nf6 3.e5 Nd5 4.d4 cxd4 5.Qxd4 e6 6.Nf3 Nc6 7.Qe4 f5 8.Qe2 Qc7
9.g3 b5 10.Bg2 a5 11.O-O Be7 12.Nd4 Nxd4 13.cxd4 Bb7 14.b3 Qb6 15.Be3 Rc8
16.Rd1 O-O 17.a3 f4 18.gxf4 Nxf4 19.Bxf4 Bxg2 20.Kxg2 Rxf4 21.Ra2 Rcf8 22.Rd3 Rxd4
23.Rad2 Bc5 24.f3 Rxd3 25.Qxd3 Rf7 26.Nc3 Bxa3 27.Nxb5 Bf8 28.Nd4 Qc5 29.Qe4 Qc1
30.Rc2 Qg5+ 31.Kf2 Rf4 32.Qe3 Qh4+  0-1

[Event "Meurthe et Moselle GM"]
[Site "Nancy FRA"]
[Date "2007.02.21"]
[Round "4"]
[White "Okhotnik,V"]
[Black "Wirig,A"]
[Result "1-0"]
[WhiteElo "2486"]
[BlackElo "2433"]

1.e4 c5 2.c3 Nf6 3.e5 Nd5 4.d4 cxd4 5.Nf3 Nc6 6.cxd4 d6 7.Bc4 dxe5 8.Nxe5 e6
9.O-O Be7 10.Qf3 O-O 11.Rd1 Bf6 12.Nxc6 bxc6 13.Nc3 a5 14.Ne4 a4 15.Bh6 Re8
16.Rac1 Be7 17.Qg3 Bf8 18.h4 Ba6 19.Bxa6 Rxa6 20.Bf4 Rb6 21.Be5 Rxb2 22.Rxc6 Qa8
23.Rdc1 Rb1 24.Kh2 Rxc1 25.Rxc1 Rc8 26.Rc5 h6 27.Rxd5 exd5 28.Nf6+ Kh8 29.Nh5 f6
30.Nxf6 Rc6 31.Nxd5 Qe8 32.Nf4 Rc2 33.d5 Rxa2 34.d6 Qf7 35.Qd3 Bxd6 36.Qxd6 Rxf2
37.Qxh6+ Kg8 38.Qg5 a3 39.Ne6 Kh7 40.Qg3 Kg8 41.Nxg7 Qa2 42.Ne6+ Kf7 43.Nf4 Ke7
44.Qg5+ Kd7 45.Qf5+ Kc6 46.Qc8+ Kb5 47.Qb7+ Ka4 48.Qa6+ Kb3 49.Qd3+ Ka4 50.Qd7+ Kb3
51.Qd3+ Ka4 52.Qe4+ Kb5 53.Nd3 Rd2 54.Qb4+  1-0

[Event "V Breizh Masters GM"]
[Site "Guingamp FRA"]
[Date "2007.02.22"]
[Round "7"]
[White "Terrieux,K"]
[Black "Monroy,C"]
[Result "0-1"]
[WhiteElo "2332"]
[BlackElo "2408"]

1.e4 c5 2.c3 Nf6 3.e5 Nd5 4.d4 cxd4 5.Nf3 Nc6 6.cxd4 d6 7.Bc4 Nb6 8.Bb3 dxe5
9.d5 Na5 10.Nc3 Nxb3 11.Qxb3 f6 12.Be3 g6 13.a4 Bd7 14.O-O Nc8 15.Qxb7 Nd6
16.Qa6 Qb8 17.Rfc1 Bg7 18.Bc5 f5 19.b4 O-O 20.Ng5 e4 21.Rab1 Be5 22.Ne6 Qc8
23.Qxc8 Rfxc8 24.Bd4 Bxd4 25.Nxd4 Rc4 26.Nc6 Bxc6 27.dxc6 Rxc6 28.Nd5 Rxc1+
29.Rxc1 e6 30.Ne7+ Kf7 31.Rc2 Kf6 32.b5 Rd8 33.h4 Nc4 34.Nc6 Rd1+ 35.Kh2 f4
36.Nxa7 Ne5 37.f3 e3 38.Nc6 e2 39.Ne7 Nxf3+  0-1

[Event "Meurthe et Moselle GM"]
[Site "Nancy FRA"]
[Date "2007.02.22"]
[Round "6"]
[White "Okhotnik,V"]
[Black "Sandipan,C"]
[Result "1/2-1/2"]
[WhiteElo "2486"]
[BlackElo "2561"]

1.e4 c5 2.c3 Nf6 3.e5 Nd5 4.d4 cxd4 5.Nf3 Nc6 6.cxd4 d6 7.Bc4 Nb6 8.Bb5 dxe5
9.Nxe5 Bd7 10.Nxd7 Qxd7 11.Nc3 Rd8 12.Be3 e6 13.O-O Be7 14.Qg4 O-O 15.Rfd1 g6
16.d5 Nxd5 17.Bxa7 Qc7 18.Nxd5 Rxd5 19.Rxd5  1/2-1/2

[Event "TCh-BEL 2006-7"]
[Site "Belgium BEL"]
[Date "2007.02.25"]
[Round "9"]
[White "Van Beers,E"]
[Black "Van der Stricht,G"]
[Result "0-1"]
[WhiteElo "2357"]
[BlackElo "2423"]

1.e4 c5 2.c3 Nf6 3.e5 Nd5 4.d4 cxd4 5.Nf3 e6 6.cxd4 b6 7.Bd3 Ba6 8.O-O Bxd3
9.Qxd3 Nc6 10.Nc3 Nxc3 11.bxc3 d5 12.exd6 Bxd6 13.Qe4 Ne7 14.Bd2 O-O 15.Ng5 Ng6
16.h4 Re8 17.h5 Nf8 18.f4 h6 19.Nf3 f5 20.Qe2 Nh7 21.Ne5 Nf6 22.Be1 Qc7 23.Rc1 Bxe5
24.fxe5 Ng4 25.Rf3 Rad8 26.Rd1 Qf7 27.Rh3 Rc8 28.c4 Qc7 29.Rc1 Red8 30.Bf2 b5
31.Rhc3 bxc4 32.Rxc4 Qd7 33.Qb2 Rxc4 34.Rxc4 Qf7 35.Rc6 Qxh5 36.Bg3 Ne3 37.Qb3 Qe2
38.Qxe6+ Kh8  0-1

[Event "TCh-BEL 2006-7"]
[Site "Belgium BEL"]
[Date "2007.02.25"]
[Round "9"]
[White "Vermeulen,B"]
[Black "Goormachtigh,J"]
[Result "1/2-1/2"]
[WhiteElo "2269"]
[BlackElo "2235"]

1.e4 c5 2.c3 Nf6 3.e5 Nd5 4.d4 cxd4 5.Nf3 d6 6.cxd4 Nc6 7.Nc3 dxe5 8.Nxe5 Nxc3
9.Nxc6 Nxd1 10.Nxd8 Kxd8 11.Kxd1 Be6 12.Bd3 Bd5 13.f3 e6 14.Be4 Bd6 15.Be3 Rc8
16.Bxd5 exd5 17.Rc1 Kd7 18.Rxc8 Rxc8 19.Kd2 Rc6 20.h3 Ra6 21.Ra1 Kc6 22.Kd3 Kb5
23.Bd2 Bb4 24.Be3 Bd6  1/2-1/2

[Event "ch-TUR"]
[Site "Ankara TUR"]
[Date "2007.03.02"]
[Round "2"]
[White "Can,E"]
[Black "Demirel,T"]
[Result "1-0"]
[WhiteElo "2409"]
[BlackElo "2203"]

1.e4 c5 2.c3 Nf6 3.e5 Nd5 4.d4 cxd4 5.Nf3 e6 6.cxd4 d6 7.Bc4 Nb6 8.Bd3 dxe5
9.dxe5 Na6 10.Qe2 Nc5 11.Bc2 Bd7 12.O-O Nd5 13.Nc3 Nxc3 14.bxc3 Be7 15.Rd1 Qa5
16.Bg5 h6 17.Bxe7 Kxe7 18.Qe3 Rhd8 19.Nd2 Qc7 20.Nc4 b6 21.Nd6 Bc6 22.Rd4 Rd7
23.Rad1 Rf8 24.Qg3 g5 25.Qh3 Rh8 26.f4 Qb8 27.f5 Qf8 28.Bb3 Qg8 29.Qh5 Rh7
30.Bc2 Rh8 31.f6+ Kf8 32.Nc8 Ke8 33.Ne7  1-0

[Event "TCh-NED 2006-7"]
[Site "Netherlands NED"]
[Date "2007.03.03"]
[Round "6"]
[White "Lemmers,O"]
[Black "Smerdon,D"]
[Result "1-0"]
[WhiteElo "2387"]
[BlackElo "2460"]

1.e4 c5 2.c3 Nf6 3.e5 Nd5 4.Nf3 Nc6 5.d4 cxd4 6.Bc4 Nb6 7.Bb3 d5 8.exd6 Qxd6
9.O-O Be6 10.Bxe6 Qxe6 11.Nxd4 Nxd4 12.Qxd4 Rd8 13.Qh4 Qc4 14.Qg3 Qd3 15.Qc7 Qd7
16.Qg3 Qd3 17.Qc7 Qd7 18.Qg3 h5 19.h3 h4 20.Qf3 Qd5 21.Nd2 e6 22.Qxd5 Rxd5
23.Nf3 Be7 24.Be3 O-O 25.Bxb6 axb6 26.Rfd1 Rfd8 27.Rxd5 Rxd5 28.Kf1 f5 29.Re1 Kf7
30.Re5 Ra5 31.Rxa5 bxa5 32.a4 g5 33.Ne5+ Kf6 34.Nc4 Bd8 35.b4 e5 36.f3 Ke6
37.Ke2 axb4 38.cxb4 Be7 39.b5 Bc5 40.a5 Kd5 41.Ne3+ Ke6 42.Kd3 Bb4 43.a6 bxa6
44.bxa6 Bc5 45.Nd1 g4 46.hxg4 e4+ 47.Ke2 fxg4 48.fxg4 Ba7 49.Nc3 Ke5 50.g5 e3
51.Nb5 Bb6 52.a7 Bxa7 53.Nxa7 Ke6 54.Kxe3 Kf5 55.Kf3 Kxg5 56.Nb5 Kh5 57.Nc3 Kg5
58.Ne4+ Kh5 59.Nf2  1-0

[Event "TCh-NED 2006-7"]
[Site "Netherlands NED"]
[Date "2007.03.03"]
[Round "6"]
[White "Feygin,M"]
[Black "Ris,R"]
[Result "1-0"]
[WhiteElo "2520"]
[BlackElo "2403"]

1.e4 c5 2.c3 Nf6 3.e5 Nd5 4.Nf3 e6 5.d4 cxd4 6.cxd4 d6 7.Bc4 Nb6 8.Bd3 dxe5
9.dxe5 Na6 10.Qe2 Nc5 11.Bc2 Nd5 12.O-O Be7 13.Nc3 Nxc3 14.bxc3 Qa5 15.Bg5 h6
16.Bxe7 Kxe7 17.Rfd1 Bd7 18.Qc4 Rhc8 19.Rac1 Ba4 20.Qh4+ Ke8 21.Rd4 Bxc2
22.Rxc2 Rd8 23.h3 Nd3 24.Qe4 Rxd4 25.cxd4 Nb4 26.Qxb7 Nxc2 27.Qxa8+ Kd7 28.Qf8 Qxa2
29.Qxf7+ Kc6 30.Qe8+ Kd5 31.Qb5+ Ke4 32.Qe2+ Kd5 33.Qb5+ Ke4 34.Qb7+ Kd3
35.d5 Qa1+ 36.Kh2 Nd4 37.dxe6  1-0

[Event "TCh-NED 2006-7"]
[Site "Netherlands NED"]
[Date "2007.03.03"]
[Round "6"]
[White "Span,P"]
[Black "Reinderman,D"]
[Result "0-1"]
[WhiteElo "2279"]
[BlackElo "2504"]

1.e4 c5 2.c3 Nf6 3.e5 Nd5 4.d4 cxd4 5.Nf3 e6 6.cxd4 d6 7.Bc4 Nc6 8.O-O Be7
9.Qe2 O-O 10.Qe4 Bd7 11.Bd3 f5 12.exf6 Nxf6 13.Qe2 Qa5 14.Nc3 Rae8 15.Ne4 Nxe4
16.Qxe4 Qh5 17.Bf4 g5 18.Bg3 g4 19.Nd2 d5 20.Qe3 Bg5 21.Qe1 Nxd4 22.Nb3 Nf5
23.Be5 Nh4 24.Nd4 Bf6 25.f4 Nxg2 26.Kxg2 Qh3+ 27.Kh1 Qxd3 28.Rg1 h5 29.Rg3 Qg6
30.Qe2 Rf7 31.Rag1 Bxe5 32.Qxe5 Ref8 33.Ne2 Bc6 34.h3 d4+ 35.Kh2 d3 36.Nd4 Rxf4
37.Nxc6 bxc6 38.Qd6 Rf2+ 39.R1g2 Qe4 40.hxg4  0-1